| 000 | 00697nam a2200217 4500 | ||
|---|---|---|---|
| 003 | OSt | ||
| 005 | 20240715023323.0 | ||
| 006 | a | ||
| 008 | 240715b |||||||| |||| 00| 0 eng d | ||
| 020 | _a9715101844 | ||
| 040 |
_aDWCL-Main lib. _cOC |
||
| 082 | _aFil. 266 Es81w 2005 | ||
| 100 | _aEstioko, Leonardo R. | ||
| 245 | _aWitness to the word : readings on St. Arnold Janssen and the SVD mission / | ||
| 260 |
_aManila, Philippines : _bLogos Publishing, _cc2005. |
||
| 300 |
_b143 pages : illustrations ; _c23 cm. |
||
| 504 | _aIncludes bibliographical references. | ||
| 650 | _a1. Jansen, Arnold, Saint, 1837-1909. | ||
| 650 | _a2. Christian missions. | ||
| 942 |
_2ddc _n0 _cBK - FIL _kFil. |
||
| 999 |
_c2159 _d2159 |
||